[Event "BL 2016-17"]
[Site "St. Veit/Glan"]
[Date "2017.03.26"]
[Round "8"]
[White "Antoniewski, Rafal"]
[Black "Predojevic, Borki"]
[Result "1/2-1/2"]
[WhiteElo "2532"]
[BlackElo "2611"]
[Annotator "TA"]
[PlyCount "28"]
[EventDate "2017.??.??"]
[EventType "team-tourn"]
[EventCountry "AUT"]
[SourceTitle "playchess.com"]
[Source "ChessBase"]
[SourceQuality "1"]
[WhiteTeam "St. Veit"]
[BlackTeam "Maria Saal"]

{[%evp 17,28,6,4,0,19,10,11,0,13,0,10,0,9]} 1. e4 e5 2. Nf3 Nc6 3. Bc4 Bc5 4. O-O Nf6 5. d3 O-O 6. Nbd2 d6 7. c3 a5 8. h3 Bd7 9. a4 h6 {The position is equal.} 10. Re1 {C54: Giuoco Piano: 4 c3 Nf6, main lines with 5 d4 and 5 d3} Be6 11. Bb5 $146 (11. Bxe6 fxe6 12. Qb3 Qc8 13. Nc4 Nh5 14. Be3 Bxe3 15. fxe3 b6 16. Rf1 Qd7 17. Qc2 Rad8 18. Rab1 Rb8 {½-½ (18) Danzanvilliers,P (2174)-Spierenburg,P (2031) ICCF email 2012}) 11... Na7 12. Bc4 Nc6 13. Bb5 Na7 14. Bc4 Nc6 1/2-1/2

[Event "BL 2016-17"]
[Site "Germany"]
[Date "2017.02.19"]
[Round "8"]
[White "Levin, Felix"]
[Black "Socko, Bartosz"]
[Result "0-1"]
[WhiteElo "2528"]
[BlackElo "2598"]
[Annotator "TA"]
[PlyCount "66"]
[EventDate "2017.??.??"]
[EventType "team-tourn"]
[EventCountry "GER"]
[SourceTitle "playchess.com"]
[Source "ChessBase"]
[SourceQuality "1"]
[WhiteTeam "Mülheim Nord"]
[BlackTeam "TU Dresden"]

{[%evp 19,66,9,13,0,0,-25,-27,-23,-23,-33,-18,-31,-18,-13,-19,-27,-9,-15,-10,-22,-28,-41,-40,-42,-48,-53,-41,-41,-36,-45,-42,-53,-42,-129,-129,-135,-136,-130,-132,-137,-129,-141,-33,-39,-35,-29991,-72,-29992,-29993]} 1. d4 Nf6 2. c4 g6 3. Nc3 d5 4. cxd5 Nxd5 5. e4 Nxc3 6. bxc3 Bg7 7. Qa4+ Qd7 8. Bb5 c6 9. Be2 O-O {[%cal Bh8f8,Bf8d8,Bd8d4,Bd4a4][%mdl 32]} 10. Nf3 c5 {LiveBook: 4 Games} 11. Qxd7 Bxd7 12. Ba3 cxd4 {Black has an edge.} 13. cxd4 Bc6 14. Bd3 Rd8 15. Ke2 Bxd4 16. Nxd4 Rxd4 17. Ke3 (17. Bxe7 Bxe4 18. Rhd1 Bxg2 19. Bxg6 Nc6 20. Rxd4 Nxd4+ 21. Kd3 hxg6 $17) 17... e5 18. Bb2 Ra4 19. Bxe5 Nd7 20. Bb2 Nc5 21. f3 Nxd3 22. Kxd3 f5 $36 {[%mdl 2048] Black has some pressure.} 23. exf5 $1 Bb5+ 24. Kc2 Rc8+ {[%mdl 1024] Black has compensation.} 25. Kb3 Ra6 $1 {Hoping for ...Ba4+.} 26. Bd4 ({White should try} 26. a4 $1 $15 Bd3 27. Bd4) 26... Ba4+ $1 $17 27. Kb4 Bc2 28. a4 Rac6 (28... gxf5 $6 29. Ra3 $11) (28... Bxf5 $6 29. Rhc1 $11) 29. Bxa7 Rc4+ ({Stronger than} 29... gxf5 30. Ra3 $14) (29... Bxf5 30. Rhe1 $15) 30. Kb5 Bd3 ({Much less strong is} 30... Bxf5 31. Rhd1 $15) ({Not} 30... gxf5 31. Ra3 $14) (30... Rc3 $1 $17 {[%cal Rc3b3] ( -> ...Rb3+)} 31. Rhb1 Bxb1 32. Rxb1 gxf5) 31. Rhd1 $1 $15 {[%cal Rd1d3]} Rd4+ 32. Kb6 $2 {[%mdl 8192] [#]} (32. Ka5 $15 b6+ 33. Kxb6 Rd6+ 34. Ka5) 32... Rb4+ $1 33. Ka5 {[#]} Rb2 $1 0-1

[Event "BL 2016-17"]
[Site "St. Veit/Glan"]
[Date "2017.03.26"]
[Round "8"]
[White "Zilka, Stepan"]
[Black "Nisipeanu, Liviu-Dieter"]
[Result "1/2-1/2"]
[WhiteElo "2524"]
[BlackElo "2680"]
[Annotator "TA"]
[PlyCount "122"]
[EventDate "2017.??.??"]
[EventType "team-tourn"]
[EventCountry "AUT"]
[SourceTitle "playchess.com"]
[Source "ChessBase"]
[SourceQuality "1"]
[WhiteTeam "Nickelsdorf"]
[BlackTeam "Jenbach"]

{[%evp 10,122,0,0,8,0,25,8,13,20,18,14,14,14,22,0,26,18,23,23,38,16,18,29,47,37,53,41,75,46,47,50,45,7,57,61,84,91,82,101,106,92,53,3,4,-8,-8,-8,-8,-8,-8,-8,-8,-8,-8,-8,-8,-8,-8,-8,-8,-8,-8,-8,-8,-8,-8,-8,-8,-8,-8,-8,0,0,0,-25,0,0,0,0,0,0,0,0,0,0,0,0,0,0,0,0,0,0,8,-8,-8,-8,-8,-46,-32,-32,-39,-37,-35,-134,-134,-134,-134,-134,-134,-499,-350,-222,0]} 1. e4 e6 2. d4 d5 3. Nc3 Nf6 4. e5 Nfd7 5. f4 c5 6. Nf3 Be7 {C11: French: Classical System: 4 e5 and 4 Bg5 dxe4} (6... Nc6 7. Be3 Be7 8. Qd2 O-O 9. a3 cxd4 10. Nxd4 Nxd4 11. Bxd4 Nb8 12. Bd3 Nc6 13. Bf2 a6 14. O-O f6 15. exf6 Bxf6 16. Na4 b5 {½-½ (30) Svidler,P (2748)-Short,N (2675) Caleta 2017}) 7. Be3 b6 8. Be2 O-O {The position is equal.} 9. O-O Nc6 10. Qd2 Bb7 11. Nd1 a5 12. Nf2 Ba6 13. Bxa6 $146 (13. Nd3 Nb4 14. c3 Nxd3 15. Bxd3 Qc8 16. g4 Bxd3 17. Qxd3 {0-1 (47) Georgiadis,I (2464)-Volkov,S (2607) Vrachati 2011}) 13... Rxa6 14. Qe2 Qc8 15. c3 a4 16. g4 a3 17. b3 Ra7 18. f5 Qa6 19. Qxa6 (19. Nd3 $5 {creates asymmetry.} cxd4 20. cxd4 Nb4 21. Nfe1 Rc7 22. Rc1) 19... Rxa6 20. Nd3 Rc8 21. Rac1 Raa8 22. Kf2 Na7 23. Nf4 Nf8 24. g5 cxd4 25. cxd4 (25. Nxd4 $6 Bxg5 26. fxe6 fxe6 $11) 25... Bb4 26. Rxc8 (26. f6 $5 {with more complications.} Nb5 27. Ne2 Nd7 28. h4 Nc3 29. Nxc3 Bxc3 30. Rc2) 26... Rxc8 27. Rc1 Rxc1 28. Bxc1 Nb5 $1 {[%cal Rb5c3] Threatening ...Nc3.} 29. fxe6 fxe6 30. Ne2 $1 Ng6 31. Ke3 Ne7 32. Kd3 Nc6 33. h4 $1 g6 34. Bd2 Bxd2 35. Kxd2 $11 {[%mdl 4096] Endgame KNN-KNN} Nb4 36. Ne1 $1 Nxa2 {With the idea ...Nb4.} 37. Nc2 Kf7 38. Kd3 Ke7 39. Kd2 Kd7 40. Kd3 Kc6 41. Kd2 Kd7 42. Kd3 Kc7 43. Kd2 Kc6 44. Kd3 Kb7 45. Kd2 Ka6 {next ...Ka5 is good for Black.} 46. Nf4 Ka5 {[#] ...Nb4 is the strong threat.} 47. Nxe6 Nb4 48. Nxb4 Kxb4 {KN-KN} 49. Kc2 a2 ({Reject} 49... Nc3 $6 50. Nc7 Ne2 51. Nxd5+ Ka5 52. b4+ Ka6 53. Kb3 $16) 50. Kb2 a1=B+ 51. Kxa1 Kxb3 52. Kb1 Kc3 53. Kc1 Na7 {Black wants to play ...Nc6.} ({Not} 53... Nxd4 $2 54. Nxd4 Kxd4 55. e6 $18) 54. Nf8 Kxd4 55. e6 {[#] Hoping for e7.} Nc6 56. Nxh7 Ke5 57. Nf6 (57. Nf8 $15) 57... Kxe6 $17 58. h5 gxh5 59. Nxh5 Kf5 60. g6 $2 {[%mdl 8192]} (60. Nf6 $17 {nothing else works.}) 60... Ne7 ({Inferior is} 60... Kxg6 61. Nf4+ Kh6 62. Nxd5 $11) 61. g7 Kg6 $2 ({Black should try} 61... Kg5 $19 62. Ng3 Kg6) 1/2-1/2

[Event "BL 2016-17"]
[Site "St. Veit/Glan"]
[Date "2017.03.26"]
[Round "8"]
[White "Dragnev, Valentin"]
[Black "Schreiner, Peter"]
[Result "1/2-1/2"]
[WhiteElo "2520"]
[BlackElo "2473"]
[Annotator "TA"]
[PlyCount "105"]
[EventDate "2017.??.??"]
[EventType "team-tourn"]
[EventCountry "AUT"]
[SourceTitle "playchess.com"]
[Source "ChessBase"]
[SourceQuality "1"]
[WhiteTeam "Wien-SK Ottakring"]
[BlackTeam "Feffernitz"]

{[%evp 33,105,0,0,0,0,-29,-33,-32,13,-54,14,12,9,8,4,6,18,12,27,44,31,-22,0,0,0,0,19,0,0,0,0,0,0,0,0,0,0,0,38,38,29,36,37,36,25,19,21,22,26,27,26,25,32,22,28,27,23,26,50,35,20,8,8,8,8,3,2,0,0,0,26,0,0,0]} 1. e4 e5 2. Nf3 Nc6 3. Bb5 a6 4. Ba4 Nf6 5. O-O b5 6. Bb3 Bb7 7. Re1 Bc5 8. c3 d6 9. d4 Bb6 10. Be3 h6 11. h3 O-O 12. Nbd2 exd4 13. cxd4 Nb4 {C78: Ruy Lopez: Archangelsk and Möller Defences} (13... Na5 14. Bc2 Re8 15. Qb1 Nc4 16. Nxc4 bxc4 17. Nd2 Rb8 18. Nxc4 Bxe4 19. Bxe4 Rxe4 20. Qd3 Qe8 21. f3 {½-½ (30) Vachier Lagrave,M (2768)-Nakamura,H (2787) Saint Louis 2014}) 14. Qb1 c5 15. a3 Nc6 16. d5 Ne7 17. Nf1 Nd7 {LiveBook: 4 Games} 18. Ng3 f5 19. Nxf5 (19. exf5 $5 {is more complex.} Nf6 20. Qc2 Re8 21. Rad1 Nexd5 22. Ba2) 19... Nxf5 20. exf5 Qf6 21. Nd2 (21. Bd2 $11) 21... Qxf5 ({Black should try} 21... c4 $1 $15 22. Ne4 Qxf5 23. Nxd6 Qxd5 24. Nxb7 cxb3 25. Bxb6 Nxb6) 22. Qxf5 $146 Rxf5 23. Ne4 Bc7 ({Much weaker is} 23... Bxd5 24. Nxd6 Re5 25. Bxd5+ Rxd5 26. Rad1 $14) 24. a4 bxa4 25. Bxa4 Ne5 26. Rad1 Nc4 27. Bc6 (27. Bd7 $14 Rff8 28. Bc1) 27... Rb8 28. Bc1 Rff8 29. Ba4 Nb6 30. Bc6 Nc4 31. Re2 Bxc6 32. dxc6 Rb6 33. Rc2 Ne5 34. Nxd6 Rd8 35. Rcd2 Rxd6 (35... Nxc6 $5 {creates asymmetry.} 36. Ne4 Rxd2 37. Rxd2 Rb5 38. Kf1 Bf4) 36. Rxd6 Bxd6 37. Rxd6 Rxc6 {[%mdl 4096] Endgame KRB-KRN} 38. Rd5 Nc4 39. Rd3 Rb6 40. Rc3 Nxb2 41. Rxc5 Nd3 42. Rc8+ Kf7 {[#] Strongly threatening ...Rb1.} 43. Rc7+ Kf6 {aiming for ...Rb1.} 44. Be3 Rd6 $1 45. Kh2 Ne5 46. Ra7 g5 47. f4 gxf4 48. Bxf4 Kf5 $1 {[%cal Rf5f4]} 49. Bc1 Rc6 50. Ba3 Nc4 51. Bb4 Ne3 52. Rf7+ Kg6 53. Rf3 1/2-1/2

[Event "BL 2016-17"]
[Site "St. Veit/Glan"]
[Date "2017.03.26"]
[Round "8"]
[White "Schneider, Ilja"]
[Black "Tuncer, Ufuk"]
[Result "1/2-1/2"]
[WhiteElo "2518"]
[BlackElo "2317"]
[Annotator "TA"]
[PlyCount "60"]
[EventDate "2017.??.??"]
[EventType "team-tourn"]
[EventCountry "AUT"]
[SourceTitle "playchess.com"]
[Source "ChessBase"]
[SourceQuality "1"]
[WhiteTeam "Wulkaprodersdorf"]
[BlackTeam "Bregenz"]

{[%evp 11,60,16,8,4,7,0,0,0,0,0,0,0,3,0,10,12,13,0,18,0,0,-30,-34,-29,-22,-62,-40,-59,-8,-32,-35,-30,-35,-40,-8,-8,-9,-8,-8,-11,-6,-39,-26,-22,-8,-8,0,0,0,-23,-16]} 1. d4 Nf6 2. Bg5 e6 3. e4 h6 4. Bxf6 Qxf6 5. Nc3 Bb4 6. Qd3 {A45: Trompowsky Attack} (6. Qd2 d6 7. a3 Ba5 8. Nge2 Nc6 9. Rd1 O-O 10. f4 e5 11. dxe5 dxe5 12. b4 Bb6 13. f5 Ne7 14. Na4 Qh4+ 15. Ng3 {½-½ (39) Nakamura,H (2793)-Caruana,F (2787) Saint Louis 2015}) 6... O-O {LiveBook: 8 Games} 7. O-O-O d5 (7... Qxf2 $2 8. Nf3 f5 9. exf5 Rxf5 10. Rd2 (10. Ne4 Rxf3 11. gxf3 Qh4 $18) 10... Rxf3 11. gxf3 (11. Rxf2 Rxd3 12. Bxd3 b6 $18) 11... Qe1+ 12. Rd1 $18) 8. exd5 $146 {The position is equal.} (8. Kb1 c5 9. exd5 cxd4 10. Qxd4 Qxd4 11. Rxd4 Bxc3 12. bxc3 exd5 13. Rxd5 Be6 {½-½ (24) Boehmer,M (1950)-Schuster,U (2100) GER email 2013}) 8... Bxc3 ({Don't capture} 8... Qxf2 $2 9. Nf3 Bd6 10. Re1 $18) 9. Qxc3 exd5 10. Qg3 Nc6 11. Nf3 Bf5 {...Nb4 is the strong threat.} 12. Qf4 ({Not} 12. Qxc7 $2 Rac8 13. Qf4 g5 $19) 12... g5 13. Qd2 $1 Rfe8 14. Bb5 Re4 15. Bd3 Re6 16. h4 {[%cal Rh4g5]} g4 17. Bxf5 Qxf5 {[#]} 18. Ne5 $1 {[%mdl 512]} Nxe5 19. dxe5 c6 (19... Rxe5 $15 20. Qxh6 Re2) 20. Rhe1 Rae8 21. f4 gxf3 22. gxf3 Rxe5 23. Rxe5 Qxe5 24. Qxh6 {[#] Threatening mate with Rg1+.} Qe3+ 25. Qxe3 Rxe3 $11 {KR-KR} 26. Rg1+ Kh7 27. Rg3 Re2 28. Rg4 Rf2 29. Rb4 b5 30. Rf4 Kg7 1/2-1/2

[Event "BL 2016-17"]
[Site "Germany"]
[Date "2017.02.19"]
[Round "8"]
[White "Bromberger, Stefan"]
[Black "Grandelius, Nils"]
[Result "1-0"]
[WhiteElo "2512"]
[BlackElo "2635"]
[Annotator "TA"]
[PlyCount "51"]
[EventDate "2017.??.??"]
[EventType "team-tourn"]
[EventCountry "GER"]
[SourceTitle "playchess.com"]
[Source "ChessBase"]
[SourceQuality "1"]
[WhiteTeam "Zugzwang München"]
[BlackTeam "Hamburger SK"]

{[%evp 23,50,-15,-25,-14,-12,-22,-13,-2,0,-17,-19,-25,15,-52,510,511,1319,1338,1296,1008,1008,704,701,692,671,654,1423,1162,29999]} 1. e4 c5 2. Nf3 d6 3. d4 cxd4 4. Nxd4 Nf6 5. Nc3 a6 6. h3 e6 7. g4 h6 8. Bg2 Be7 9. Be3 Nc6 10. f4 Nd7 11. O-O O-O 12. Nf3 b5 {LiveBook: 3 Games} 13. g5 hxg5 14. Nxg5 Bxg5 {The position is equal.} 15. fxg5 {[%cal Bf4g5,Bg5g6][%mdl 32]} Nde5 16. Qh5 Bb7 17. Rad1 Rc8 18. a3 (18. Bc5 $11) 18... Nc4 $2 {[%mdl 8192] [#]} (18... Na5 $15 {stays ahead.}) 19. Rf4 $1 $18 {[%cal Rf4h4] Strongly threatening Rh4.} f5 (19... N6e5 $142) 20. g6 {[%csl Gg6][%cal Rh5h7]} Rf6 21. Qh7+ Kf8 22. Qh8+ Ke7 23. Qxg7+ Ke8 24. Rh4 {[#] Threatening mate with Rh8+.} Rf8 25. Rh8 Rxh8 26. Qf7# ({Wrong is} 26. Qxb7 $2 Rc7 27. Bb6 Rxb7 $19) 1-0

[Event "BL 2016-17"]
[Site "Germany"]
[Date "2017.02.19"]
[Round "8"]
[White "Markgraf, Alexander"]
[Black "Schenk, Andreas"]
[Result "1-0"]
[WhiteElo "2509"]
[BlackElo "2457"]
[Annotator "TA"]
[PlyCount "73"]
[EventDate "2017.??.??"]
[EventType "team-tourn"]
[EventCountry "GER"]
[SourceTitle "playchess.com"]
[Source "ChessBase"]
[SourceQuality "1"]
[BlackTeam "Bayern München"]

{[%evp 12,73,15,10,21,14,10,9,33,46,41,36,25,30,72,70,72,58,102,104,110,87,61,43,34,45,86,79,101,68,75,35,86,39,35,8,150,90,100,87,416,418,409,411,401,401,402,402,808,803,882,881,864,843,941,912,888,845,1061,1077,4982,4234,29987,29988]} 1. e4 {[%cal Be2e4,Be4e5][%mdl 32]} e6 2. d4 d5 3. Nc3 Nf6 4. e5 Nfd7 5. f4 c5 6. Nf3 Be7 7. Be3 b6 8. Be2 O-O 9. O-O Ba6 10. f5 Bxe2 11. Nxe2 {Hoping for fxe6.} exf5 12. c3 cxd4 13. cxd4 b5 14. Qd3 $36 {[%mdl 2048] White is pushing.} g6 15. Bh6 Re8 16. Nf4 Nc6 17. Nxd5 Nb6 18. Nxe7+ Nxe7 19. Qxb5 Nbd5 20. Qa6 Qd7 21. Rac1 Rab8 ({Better is} 21... f4 $1 $14) 22. b3 f4 $1 23. Nd2 {[%cal Bf3d2,Bd2e4,Be4f6][%mdl 32] Threatening Ne4.} Rb4 (23... Qg4 $1 $11 24. Qd3 Qh4) 24. Rc4 (24. Ne4 $142) 24... Nf5 $16 25. Bxf4 Nxd4 $2 {[%mdl 8192]} (25... Rxc4 $16 26. Nxc4 Nb4) 26. Rxb4 $18 Nxb4 {[#]} 27. Qc4 $1 Nbc6 28. Ne4 {Nf6+ is the strong threat.} Kg7 29. Nf6 Qe7 (29... Qe6 $142 30. Nxe8+ Qxe8) 30. Bg5 Qe6 31. Nxe8+ Qxe8 32. Bf6+ Kg8 33. Rc1 Qd7 34. h3 Qf5 35. Kh1 Qf4 36. Rd1 {Rxd4! would kill now.} Qe3 {[#]} 37. Rxd4 $1 {[%mdl 512]} 1-0

[Event "BL 2016-17"]
[Site "Germany"]
[Date "2017.02.19"]
[Round "8"]
[White "Kollars, Dmitrij"]
[Black "Hoffmeyer, Falk"]
[Result "1/2-1/2"]
[WhiteElo "2507"]
[BlackElo "2353"]
[Annotator "TA"]
[PlyCount "108"]
[EventDate "2017.??.??"]
[EventType "team-tourn"]
[EventCountry "GER"]
[SourceTitle "playchess.com"]
[Source "ChessBase"]
[SourceQuality "1"]
[WhiteTeam "Hamburger SK"]

{[%evp 21,108,23,17,-8,0,-24,0,0,0,0,0,0,15,4,34,23,25,0,0,0,0,0,0,-50,0,0,0,0,0,0,0,0,0,0,0,0,0,0,0,0,0,0,0,0,0,0,0,0,0,0,0,0,18,0,0,0,0,0,37,45,41,0,50,0,31,0,18,0,0,0,0,-8,-8,-8,-8,-8,-8,-8,-8,-8,-8,-7,-7,-8,-16,-15,0,-13,0]} 1. e4 c6 2. Nc3 d5 3. Nf3 Bg4 4. h3 Bxf3 5. Qxf3 Nf6 6. g3 e6 7. Bg2 Nbd7 {[%cal Bb8d7,Bd7b6,Bb6c4][%mdl 32]} 8. d4 Bb4 9. e5 Ne4 10. O-O Nxc3 11. bxc3 Be7 {LiveBook: 7 Games} 12. Qd3 Nb6 13. f4 {[%cal Bf2f4,Bf4f5][%mdl 32]} g6 {Black has an edge.} 14. g4 Qc7 15. f5 Nc4 16. Bh6 Bf8 17. Bxf8 Rxf8 18. fxe6 fxe6 19. Rxf8+ Kxf8 20. Rf1+ Kg8 21. Rf6 Qe7 22. Qf3 ({Better is} 22. h4 $11) 22... Rf8 (22... Nb6 $1 $15) 23. g5 $11 Nb6 $1 24. Qg4 Re8 25. h4 {[#] Threatens to win with h5.} Nd7 $1 26. Rf3 Rf8 27. Bh3 Rxf3 28. Qxf3 Qf7 29. Qe3 Nf8 30. Kg2 Qe7 31. Qf4 Nd7 32. Qg4 Nf8 33. Qf4 Nd7 34. Kg3 Qf7 35. Qc1 Qe7 36. Qb1 Nf8 37. Qc1 Nd7 38. Qf1 Qf7 39. Qb1 Nf8 40. Qb4 Qd7 41. Kf4 Kf7 (41... Qf7+ $11 42. Ke3 Kg7) 42. Bg4 ({White should try} 42. Qd6 $14) 42... Ke8 43. Ke3 Qe7 {The position is equal.} 44. Qa5 a6 45. Qb6 h6 46. Qb4 {[#] Hoping for Qxe7+.} hxg5 47. Qxe7+ Kxe7 48. hxg5 {[%mdl 4096] Endgame KB-KN} Nd7 49. Be2 b5 50. Bd3 Nf8 51. Kf4 Kf7 52. Kf3 Nh7 53. Kf4 Nf8 54. Kf3 Nh7 1/2-1/2

[Event "BL 2016-17"]
[Site "Germany"]
[Date "2017.02.19"]
[Round "8"]
[White "Rabiega, Robert"]
[Black "Krassowizkij, Jaroslaw"]
[Result "1-0"]
[WhiteElo "2504"]
[BlackElo "2454"]
[Annotator "TA"]
[PlyCount "60"]
[EventDate "2017.??.??"]
[EventType "team-tourn"]
[EventCountry "GER"]
[SourceTitle "playchess.com"]
[Source "ChessBase"]
[SourceQuality "1"]
[WhiteTeam "König Tegel"]
[BlackTeam "Griesheim"]

{[%evp 16,60,13,7,10,0,61,50,54,53,61,53,60,63,71,38,123,116,158,151,177,84,114,101,300,287,291,279,388,383,352,321,462,452,434,426,433,386,405,387,510,503,488,464,603,579,29990]} 1. e4 e6 2. d4 d5 3. Nc3 Nf6 4. Bg5 Bb4 5. Nge2 dxe4 6. a3 Be7 7. Bxf6 Bxf6 8. Nxe4 Nc6 9. c3 {LiveBook: 11 Games} Be7 10. g3 f5 (10... e5 $11) 11. Nd2 $1 $14 {White is slightly better.} Qd5 12. Rg1 {Threatens to win with Nf4.} e5 $1 13. Bg2 e4 14. f3 exf3 $1 15. Bxf3 Qd6 (15... Qf7 $1 $14) 16. Qb3 $16 a5 {[#]} 17. a4 $1 Ra6 18. Nc4 (18. Nf4 $18 {and White stays clearly on top.}) 18... Qh6 19. Nf4 $36 {[%mdl 2048] White is in control.} Bd6 $2 ({Wrong is} 19... Qxh2 $2 20. O-O-O $18) (19... g5 $16 20. Nd5 Kd8) 20. Nxd6+ $18 Qxd6 21. O-O-O {[%cal Ba1d1,Bd1d2,Bd2e2][%mdl 32]} Nd8 22. Rge1+ Kf8 23. Rd2 Bd7 (23... g5 {might work better.}) 24. Rde2 g5 25. Nd3 Rb6 26. Qc2 g4 27. Bg2 Qh6+ 28. Kb1 {White is clearly winning.} Rd6 29. Nc5 Qg6 30. Re7 Qe8 1-0

[Event "BL 2016-17"]
[Site "Germany"]
[Date "2017.02.19"]
[Round "8"]
[White "Tazbir, Marcin"]
[Black "Richter, Michael"]
[Result "1-0"]
[WhiteElo "2504"]
[BlackElo "2498"]
[Annotator "TA"]
[PlyCount "57"]
[EventDate "2017.??.??"]
[EventType "team-tourn"]
[EventCountry "GER"]
[SourceTitle "playchess.com"]
[Source "ChessBase"]
[SourceQuality "1"]
[WhiteTeam "Griesheim"]
[BlackTeam "König Tegel"]

{[%evp 23,57,54,74,70,80,79,71,73,141,126,136,132,118,128,179,160,190,190,189,154,245,213,250,251,290,291,304,307,324,316,1202,1196,29987,29988,29988,29989]} 1. e4 e6 2. d4 d5 3. Nc3 Nc6 4. Nf3 Nf6 5. e5 Ne4 6. Bd3 Bb4 7. Bd2 Nxd2 8. Qxd2 f6 9. a3 Be7 10. exf6 Bxf6 11. Bb5 O-O 12. Bxc6 bxc6 {LiveBook: 3 Games} 13. Na4 Qd6 14. Qe3 Rb8 {White is better.} 15. O-O-O {[%cal Ba1d1,Bd1d3,Bd3c3][%mdl 32]} c5 (15... Rb5 $142) 16. Nxc5 $16 Rxb2 17. Kxb2 Qxc5 {[#]} 18. Rd3 $1 Qd6 (18... Qe7 $16) 19. Kc1 $18 Bd7 20. Rc3 h6 21. Re1 a5 (21... Bd8 $16 22. g3 c6) 22. g3 Qb6 23. Ne5 Ba4 24. f4 Re8 25. Kd2 Rc8 26. Rc5 Be7 $2 {[#]} (26... Be8 27. Qb3 Rb8 28. Qxb6 cxb6) 27. Nc6 $1 {[%mdl 512]} Bxc5 (27... Bxc6 28. Qxe6+) 28. Qxe6+ Kh7 29. Qf5+ 1-0

[Event "BL 2016-17"]
[Site "Germany"]
[Date "2017.02.19"]
[Round "8"]
[White "Dragnev, Valentin"]
[Black "Hracek, Zbynek"]
[Result "0-1"]
[WhiteElo "2502"]
[BlackElo "2610"]
[Annotator "TA"]
[PlyCount "66"]
[EventDate "2017.??.??"]
[EventType "team-tourn"]
[EventCountry "GER"]
[SourceTitle "playchess.com"]
[Source "ChessBase"]
[SourceQuality "1"]
[WhiteTeam "Bayern München"]
[BlackTeam "Werder Bremen"]

{[%evp 20,66,22,15,38,25,24,23,37,20,31,34,26,30,34,2,14,6,22,-74,-60,-72,-62,-60,-62,-75,-58,-72,-46,-31,-44,-75,-94,-91,-87,-129,-133,-128,-124,-530,-510,-648,-625,-722,-726,-1059,-1030,-2479,-932]} 1. e4 c5 2. Nf3 d6 3. Bb5+ Bd7 4. Bxd7+ Nxd7 5. O-O Ngf6 6. Qe2 Rc8 7. b3 g6 8. Bb2 Bg7 9. d4 cxd4 10. Nxd4 O-O 11. c4 {LiveBook: 4 Games} Nh5 12. Rd1 a6 13. Nc3 {White has an edge.} e6 14. g3 Re8 15. Rac1 Qa5 16. Nf3 Rc6 17. Na4 Bxb2 18. Qxb2 Nhf6 19. Re1 {[#]} (19. Nc3 $11 {keeps the balance.}) 19... b5 $1 $17 {[%cal Rb5a4]} 20. Nd4 Rcc8 21. cxb5 axb5 22. Nc3 b4 23. Na4 $1 Rxc1 24. Qxc1 Ne5 {White must now prevent ...Nd3.} 25. Qc2 Qa7 26. Rd1 Qb7 27. f4 Rc8 $36 {[%mdl 2048] Black is really pushing.} 28. Qe2 {[#]} Ned7 $1 ({Stronger than} 28... Qxe4 29. Qxe4 (29. fxe5 Qxe2 30. Nxe2 dxe5 $16) 29... Nxe4 30. fxe5 dxe5 31. Nf3 $16) ({Not} 28... Nxe4 29. fxe5 dxe5 30. Nf3 $16) 29. Re1 $2 {[%mdl 8192]} (29. f5 $17) 29... Qa7 $19 {Black is clearly winning.} 30. Rd1 e5 31. fxe5 dxe5 {[%cal Bd6e5,Be5d4][%mdl 32]} 32. Qf3 exd4 33. e5 Ne8 0-1